Harry Potter Names - Click Quiz - Statistics

General Stats
  • This quiz has been taken 323 times
  • The average score is 28 of 30
Answer Stats
Hint Answer % Correct
Hermione Granger
98%
Harry Potter
98%
Sirius Black
97%
Neville Longbottom
97%
Draco Malfoy
97%
Ginny Weasley
97%
Albus Dumbledore
96%
Ron Weasley
96%
Fred Weasley
96%
Cedric Diggory
95%
Lucius Malfoy
95%
Lily Potter
95%
Severus Snape
95%
George Weasley
95%
Rubeus Hagrid
94%
Dolores Umbridge
94%
Molly Weasley
94%
Fleur Delacouer
93%
Arthur Weasley
93%
Gilderoy Lockhart
92%
Remus Lupin
92%
James Potter
92%
Percy Weasley
90%
Lavender Brown
88%
Horace Slughorn
88%
Oliver Wood
86%
Cormac McLaggen
84%
Regulus Black
83%
Pius Thicknesse
81%
Amos Diggory
76%
No matching quizzes found
Score Distribution
Percent of People with Each Score
Percentile by Number Answered
Your Score History
You have not taken this quiz